000 00334nam a2200145Ia 4500
008 240112s2010 xx 000 0 und d
022 _a2548860
041 _aeng
082 _a616.305
100 _aCHOUDHARI G.
245 _aINDIAN JOURNAL OF GASTROENTROLOGY
260 _bIJG
_c2010
300 _a250 HB
_c41791
440 _v29
999 _c1143219
_d1143219